Quá trình và thiết bị công nghệ hóa học và thực phẩm - Bài tập các quá trình cơ học

Saved in:
Bibliographic Details
Main Author: Nguyễn, Văn Lục
Other Authors: Hoàng, Minh Nam
Format: Book
Language:Undetermined
Published: Tp. Hồ Chí Minh Đại học Quốc gia Tp. Hồ Chí Minh 2019
Subjects:
Online Access:http://lrc.tdmu.edu.vn/opac/search/detail.asp?aID=2&ID=39607
Tags: Add Tag
No Tags, Be the first to tag this record!
Institutions: Trung tâm Học liệu Trường Đại học Thủ Dầu Một
LEADER 00842nam a2200205Ia 4500
001 TDMU_39607
008 210410s9999 xx 000 0 und d
082 |a 658 
090 |b NG527 
100 |a Nguyễn, Văn Lục 
245 0 |a Quá trình và thiết bị công nghệ hóa học và thực phẩm - Bài tập các quá trình cơ học 
245 0 |c Nguyễn Văn Lục, Hoàng Minh Nam 
260 |a Tp. Hồ Chí Minh 
260 |b Đại học Quốc gia Tp. Hồ Chí Minh 
260 |c 2019 
300 |a 92tr. 
650 |a Công nghệ thực phẩm  |x Quá trình cơ học; Công nghệ hóa học 
700 |a Hoàng, Minh Nam 
856 |u http://lrc.tdmu.edu.vn/opac/search/detail.asp?aID=2&ID=39607 
980 |a Trung tâm Học liệu Trường Đại học Thủ Dầu Một